000
00358nam a22001217a 4500
003
SGT
082
_a
920
_b
S16N
100
_a
निवास, राम
245
_a
संत शिरोमणि गुरु रविदास ग्रंथावली
260
_b
वाङ्मय प्रकाशन
_c
2016
300
_a
371
942
_2
ddc
_c
BK
999
_c
32008
_d
32008